000 01124nam0a22002891 4500
001 rc\4862887
005 20250613022050.0
021 _aRU
_b[67-95364]
035 _a(NLR Aleph) 008905662
090 _a8731201
_c8731201
100 _a20130426d1967 |||y0rusy50 ca
101 0 _arus
102 _aRU
105 _ay z |||||
200 1 _aНа стремнине жизни
_eОпыт работы сел. и поселковых Советов
_e[Сборник статей]
210 _aРостов-на-Дону
_cКн. изд-во
_d1967
215 _a144 с.
_d14
225 1 _aИз опыта работы Советов
300 _aВ вып. дан. сост.: Е.Р. Булюкин
606 _aСоветы депутатов трудящихся, сельские
_yРостовская область
_2psbo
606 _aСоветы депутатов трудящихся, поселковые
_yРостовская область
_2psbo
702 1 _aБулюкин
_bЕ.Р.
_4220
801 0 _aRU
_bNLR
_gpsbo
801 1 _aRU
_bELAR
_2rusmarc
852 _aNLR
_j67-1/1014
942 _cBOOK
980 _aNB